| 000 | 01203nam a2200301Ia 4500 | ||
|---|---|---|---|
| 003 | OSt | ||
| 005 | 20221005110633.0 | ||
| 006 | a|||||r|||| 00| 0 | ||
| 007 | ta | ||
| 008 | 221004b |||||||| |||| 00| 0 hin d | ||
| 020 |
_a8126301848 (pbk) _cINR 100.00 |
||
| 024 | _a37187 | ||
| 037 |
_bBW/1686, 15/03/2018, Bookwell _cTextual |
||
| 040 |
_aCRL _cCRL _bhin |
||
| 041 |
_2hin _ahin |
||
| 082 | _aO157,3NBA,HB, 152P4 | ||
| 100 | _aबंधोपाध्याय, ताराशंकर, ले. | ||
| 245 | 0 | _aहॅंसली बॉंक की उपकथा | |
| 246 | _aHaॅansalī baॉanka kī upakathā | ||
| 250 | _aसंस्करण 7 | ||
| 260 |
_aनई दिल्ली _bभारतीय ज्ञानपीठ भारत _c2004 |
||
| 300 |
_a375पृ0 _ccm. |
||
| 490 | _aराष्ट्रभारती; ग्रन्थांक 272 | ||
| 650 | _a बंगाली साहित्य | ||
| 650 | _aबंगाली कहानी | ||
| 942 |
_hO157,3NBA,HB, 152P4 _cTEXL _2cc |
||
| 999 |
_c1019423 _d1019423 |
||